[Event "LUX-chT 2016/17"]
[Site "Luxembourg"]
[Date "2016.11.20"]
[Round "4"]
[White "Stern, Geoffrey"]
[Black "Michels, Norbert"]
[Result "1-0"]
[WhiteElo "1921"]
[BlackElo "1466"]
[PlyCount "53"]
[EventDate "2016.09.25"]
[EventType "team-tourn"]
[EventRounds "10"]
[EventCountry "LUX"]
[SourceTitle "EXT 2018"]
[Source "ChessBase"]
[SourceDate "2017.10.13"]
[SourceVersion "1"]
[SourceVersionDate "2017.10.13"]
[SourceQuality "1"]

1. d4 d5 2. Nc3 e6 3. Nf3 Nf6 4. Bg5 Bb4 5. Qd3 Bxc3+ 6. Qxc3 h6 7. Bxf6 gxf6 8. e3 Bd7 9. Bd3 Bc6 10. 0-0-0 Nd7 11. Rhe1 f5 12. g3 a6 13. Kb1 Qe7 14. Nd2 Qd6 15. f3 0-0-0 16. e4 fxe4 17. fxe4 dxe4 18. Nxe4 Bxe4 19. Bxe4 Ne5 20. Bg2 Ng4 21. Bxb7+ Kxb7 22. Qf3+ Kc8 23. Qxg4 Rhg8 24. Qf3 Rg7 25. a3 Rg5 26. Qxf7 Rb5 27. Qxe6+ 1-0